| 000 | 00688nam a22001337a 4500 | ||
|---|---|---|---|
| 040 | _cRUA | ||
| 082 | _aAGR.BB PHE 2010 B060 Or.1 | ||
| 100 | _aPHEACH, MAKARA. | ||
| 245 | _aEffect of different organic fertilizers on chinese cabbage at sangker didtrict, tattambang province, ឥទ្ធិពលនៃជីសរីរាង្គផ្សេងៗគ្នាទៅលើដំណាំស្ពៃក្រញ៉ាញ់ នៅស្រុកសង្កែ ខេត្តបាត់ដំបង. | ||
| 260 |
_aphnom phen _bRUA _c2010 |
||
| 300 |
_aX,21p. _bill. _c29cm. |
||
| 856 | _uhttps://drive.google.com/file/d/1kJbhoOqNaCfBqI7mXThHzz_Pvoo3Fgtp/view?usp=sharing | ||
| 942 | _cAGRBB | ||
| 999 |
_c1432 _d1432 |
||